JJ Quiz - Statistics

General Stats
  • This quiz has been taken 74 times
  • The average score is 3 of 10
Answer Stats
Question Answer % Correct
A child has been detained illegally at Police Station and JJB is informed about it. What is most suited course of action for JJB in such situation? JJB does not have to wait for child to be produced before JJB , it can pro-actively engage with the police station and do the needed intervention.
100%
When a child alleged to be in conflict with law is not released or not granted bail by Board, where can such child be placed by the Board? Observation Home of Place of Safety or Fit Facility
50%
Which Rules are applicable for implementing JJ Act, 2015 in State of Gujarat? The Gujarat Juvenile Justice (Care and Protection of Children) Rules, 2019
50%
Can a JJB modify its order issued under Section 18 of the Act? Yes or No both. It depends on the stage, scope and purpose of such modification.
50%
Out of the following, which is not a child care institution meant for children in conflict with law or children alleged to be in conflict with law? Children's Home
0%
Can Members of JJB also go for Jail Inspections for the purpose of identification of probable minors in Jail? Each JJB should devise a system for carrying out Jail Inspections which should ensure that Jail Inspections are done by the Board and not by individuals alone
0%
What is Place of Safety? It is both, a Child Care Institution as well as a designation
0%
Who has authority to recognize any institution as "Fit Facility" for a child alleged to be conflict with Law or a child in conflict with law? Juvenile Justice Board
0%
When a Board declares a child alleged to be in conflict with law as "Child in Conflict with Law" after inquiry and passes an order for placing such child for rehabilitation in an institution under Section 18 (1) of Act, in which institution such child is placed? Special Home or Place of Safety or Fit Facility
0%
Who has authority to "designate" any place as "Place of Safety" for a child alleged to be in conflict with law or a child in conflict with law? State Government on the Order of JJB
0%
No matching quizzes found
Score Distribution
Percent of People with Each Score
Percentile by Number Answered
Your Score History
You have not taken this quiz